000 nam a22 7a 4500
999 _c15789
_d15789
008 161104b xxu||||| |||| 00| 0 eng d
020 _a9780321902082
050 _aQC 23.2 .W35 2008
100 _aWalker, James S.
245 _aPhysics/
_cJames S. Walker.
250 _a4th ed.
260 _aBoston :
_bPearson,
_c2008.
300 _axxxii, 1155p. :
_bill. ;
_c28cm.
500 _aInclude index.
650 _aPhysics
_xTextbooks.
942 _2lcc
_cBOOKS
_hQC 23.2 .W35 2008
_03